[Event "Bundesliga 9596"]
[Site "Deutschland"]
[Date "1996.??.??"]
[Round "?.5"]
[White "Brendel, Oliver"]
[Black "Hess, Ralf"]
[Result "1-0"]
[WhiteElo "2375"]
[BlackElo "2400"]
[PlyCount "47"]
[EventDate "1995.10.??"]
[EventType "team"]
[EventRounds "15"]
[EventCountry "GER"]
[SourceTitle "Bundesliga 9596"]
[Source "DeepChess"]
[SourceDate "2005.01.01"]
[SourceVersion "1"]
[SourceVersionDate "2005.01.01"]
[SourceQuality "1"]
[WhiteTeam "SK Zaehringen 1921"]
[BlackTeam "SV Tuebingen 1870 e.V."]
[WhiteTeamCountry "GER"]
[BlackTeamCountry "GER"]

1. e4 c5 2. Nf3 e6 3. d4 cxd4 4. Nxd4 a6 5. Bd3 Nc6 6. Nxc6 bxc6 7. Nc3 d5 8.
O-O Bd6 9. Re1 Ne7 10. Qh5 e5 11. f4 Be6 12. exd5 cxd5 13. fxe5 Bc5+ 14. Kh1
Qd7 15. Qe2 Qb7 16. Na4 Ba7 17. Bxa6 Qc7 18. Nc3 Bc5 19. Bd3 h5 20. Nb5 Qb6 21.
c3 Bg4 22. Qc2 Rc8 23. b4 Bxb4 24. Rb1 1-0

[Event "Bundesliga 9596"]
[Site "Deutschland"]
[Date "1996.??.??"]
[Round "?.6"]
[White "Werner, Marc"]
[Black "Vatter, Hans Joachim"]
[Result "1-0"]
[WhiteElo "2365"]
[BlackElo "2350"]
[PlyCount "81"]
[EventDate "1995.10.??"]
[EventType "team"]
[EventRounds "15"]
[EventCountry "GER"]
[SourceTitle "Bundesliga 9596"]
[Source "DeepChess"]
[SourceDate "2005.01.01"]
[SourceVersion "1"]
[SourceVersionDate "2005.01.01"]
[SourceQuality "1"]
[WhiteTeam "SV Tuebingen 1870 e.V."]
[BlackTeam "SK Zaehringen 1921"]
[WhiteTeamCountry "GER"]
[BlackTeamCountry "GER"]

1. e4 c5 2. Nf3 Nc6 3. Nc3 g6 4. d4 cxd4 5. Nxd4 Bg7 6. Be3 Nf6 7. Nb3 O-O 8.
Be2 d6 9. f4 Be6 10. g4 Na5 11. Bd4 Bc4 12. f5 Bxe2 13. Qxe2 Nc6 14. Bf2 Nd7
15. h4 Rc8 16. Rh3 Nb4 17. Nd4 Qa5 18. h5 g5 19. h6 Be5 20. a3 Nc6 21. Nb3 Qd8
22. O-O-O a6 23. Qd2 f6 24. Nd5 b5 25. Kb1 Re8 26. Nc1 Nc5 27. Qe2 e6 28. fxe6
Nxe6 29. Bb6 Qd7 30. Nd3 Rf8 31. c3 Ne7 32. Be3 Nxd5 33. exd5 Nc5 34. Bxc5 dxc5
35. Nxe5 fxe5 36. Rh5 Qe7 37. d6 Qf6 38. Qe3 Kh8 39. Rxg5 c4 40. Rf5 Qe6 41. d7
1-0

[Event "Bundesliga 9596"]
[Site "Deutschland"]
[Date "1996.??.??"]
[Round "?.7"]
[White "Maier, Christian"]
[Black "Dutschak, Hauke"]
[Result "0-1"]
[WhiteElo "2350"]
[BlackElo "2260"]
[PlyCount "118"]
[EventDate "1995.10.??"]
[EventType "team"]
[EventRounds "15"]
[EventCountry "GER"]
[SourceTitle "Bundesliga 9596"]
[Source "DeepChess"]
[SourceDate "2005.01.01"]
[SourceVersion "1"]
[SourceVersionDate "2005.01.01"]
[SourceQuality "1"]
[WhiteTeam "SK Zaehringen 1921"]
[BlackTeam "SV Tuebingen 1870 e.V."]
[WhiteTeamCountry "GER"]
[BlackTeamCountry "GER"]

1. e4 d5 2. exd5 Nf6 3. d4 Nxd5 4. c4 Nb6 5. Nc3 e5 6. d5 Bb4 7. Be3 O-O 8. Nf3
N8d7 9. Be2 f5 10. O-O Bxc3 11. bxc3 Qe7 12. c5 Nxc5 13. Nxe5 Ne4 14. Bd4 Nxd5
15. Bc4 Be6 16. f3 Nef6 17. Re1 Rfe8 18. Nd3 c6 19. Nc5 Qf7 20. Qd2 Rad8 21.
Qg5 Bc8 22. Nd3 h6 23. Qh4 Be6 24. Ne5 Qh5 25. Qf2 Nf4 26. Bf1 Bd5 27. Bxa7 Nd7
28. Nxd7 Rxd7 29. Bd4 Rde7 30. Rxe7 Rxe7 31. c4 Bf7 32. Re1 Rd7 33. Qe3 Qh4 34.
Bc3 Ng6 35. Qc5 Qf4 36. Qe3 Qd6 37. Qf2 Qa3 38. Ba1 Qb4 39. Qb2 Qxb2 40. Bxb2
Rd2 41. Re2 Rd1 42. Rc2 Nf4 43. Kf2 Nd3+ 44. Bxd3 Rxd3 45. Ke2 Rd8 46. Ke3 g5
47. f4 Ra8 48. a3 Ra4 49. fxg5 hxg5 50. Kd4 Kh7 51. Ke5 Kg6 52. c5 f4 53. Rf2
Bd5 54. Kd6 Rc4 55. g4 f3 56. h3 Rf4 57. Be5 Ra4 58. Bb2 Ra5 59. Rc2 Rb5 0-1

[Event "Bundesliga 9596"]
[Site "Deutschland"]
[Date "1996.??.??"]
[Round "?.8"]
[White "Loseries, Uwe"]
[Black "Herbrechtsmeier, Christof"]
[Result "0-1"]
[WhiteElo "2136"]
[BlackElo "2330"]
[PlyCount "64"]
[EventDate "1995.10.??"]
[EventType "team"]
[EventRounds "15"]
[EventCountry "GER"]
[SourceTitle "Bundesliga 9596"]
[Source "DeepChess"]
[SourceDate "2005.01.01"]
[SourceVersion "1"]
[SourceVersionDate "2005.01.01"]
[SourceQuality "1"]
[WhiteTeam "SV Tuebingen 1870 e.V."]
[BlackTeam "SK Zaehringen 1921"]
[WhiteTeamCountry "GER"]
[BlackTeamCountry "GER"]

1. d4 Nf6 2. c4 g6 3. Nc3 d5 4. cxd5 Nxd5 5. e4 Nxc3 6. bxc3 Bg7 7. Bc4 O-O 8.
Ne2 Qd7 9. O-O b6 10. Be3 Ba6 11. Bb3 e6 12. Qd2 Nc6 13. Rfe1 Na5 14. Bh6 c5
15. Bxg7 Kxg7 16. Ng3 f6 17. Rad1 Bc4 18. Bxc4 Nxc4 19. Qe2 Qa4 20. Qg4 Rae8
21. h4 cxd4 22. Rxd4 Qc6 23. f4 e5 24. Rd7+ Rf7 25. Rxf7+ Kxf7 26. f5 Rd8 27.
fxg6+ hxg6 28. h5 Rg8 29. hxg6+ Rxg6 30. Qh5 Qc5+ 31. Kf1 Ne3+ 32. Ke2 Nxg2 0-1

[Event "Bundesliga 9596"]
[Site "Deutschland"]
[Date "1995.??.??"]
[Round "?.2"]
[White "Lobron, Eric"]
[Black "Hoffmann, Michael"]
[Result "1/2-1/2"]
[WhiteElo "2595"]
[BlackElo "2485"]
[PlyCount "73"]
[EventDate "1995.10.??"]
[EventType "team"]
[EventRounds "15"]
[EventCountry "GER"]
[SourceTitle "Bundesliga 9596"]
[Source "DeepChess"]
[SourceDate "2005.01.01"]
[SourceVersion "1"]
[SourceVersionDate "2005.01.01"]
[SourceQuality "1"]
[WhiteTeam "SV Empor Berlin e.V."]
[BlackTeam "SV Castrop Rauxel 1923"]
[WhiteTeamCountry "GER"]
[BlackTeamCountry "GER"]

1. d4 Nf6 2. Nf3 g6 3. c4 Bg7 4. Nc3 d5 5. cxd5 Nxd5 6. e4 Nxc3 7. bxc3 c5 8.
Rb1 O-O 9. Be2 Nc6 10. d5 Ne5 11. Nxe5 Bxe5 12. Qc2 Qd6 13. g3 e6 14. Bh6 Re8
15. f4 Bg7 16. Bxg7 Kxg7 17. e5 Qxd5 18. O-O c4 19. Bf3 Qc5+ 20. Qf2 Qxf2+ 21.
Kxf2 Rb8 22. Rfd1 b6 23. Bc6 Rf8 24. Rb4 Bb7 25. Bxb7 Rxb7 26. Rxc4 Re8 27. Ke3
Ree7 28. Rc8 Red7 29. Rxd7 Rxd7 30. Ra8 h6 31. h4 g5 32. hxg5 hxg5 33. c4 Rc7
34. Kd4 Rd7+ 35. Ke4 Rc7 36. Kd4 Rd7+ 37. Ke4 1/2-1/2

[Event "Bundesliga 9596"]
[Site "Deutschland"]
[Date "1995.??.??"]
[Round "?.3"]
[White "Watson, William N"]
[Black "Luther, Thomas"]
[Result "1/2-1/2"]
[WhiteElo "2530"]
[BlackElo "2550"]
[PlyCount "25"]
[EventDate "1995.10.??"]
[EventType "team"]
[EventRounds "15"]
[EventCountry "GER"]
[SourceTitle "Bundesliga 9596"]
[Source "DeepChess"]
[SourceDate "2005.01.01"]
[SourceVersion "1"]
[SourceVersionDate "2005.01.01"]
[SourceQuality "1"]
[WhiteTeam "SV Castrop Rauxel 1923"]
[BlackTeam "SV Empor Berlin e.V."]
[WhiteTeamCountry "GER"]
[BlackTeamCountry "GER"]

1. e4 e6 2. d4 d5 3. Nc3 Nf6 4. Bg5 dxe4 5. Nxe4 Nbd7 6. Nxf6+ Nxf6 7. Nf3 c5
8. c3 cxd4 9. Nxd4 Be7 10. Bd3 Qd5 11. Nf3 O-O 12. Qe2 Rd8 13. Bc4 1/2-1/2

[Event "Bundesliga 9596"]
[Site "Deutschland"]
[Date "1995.??.??"]
[Round "?.5"]
[White "Dinstuhl, Volkmar"]
[Black "Tischbierek, Raj"]
[Result "1-0"]
[WhiteElo "2355"]
[BlackElo "2495"]
[PlyCount "81"]
[EventDate "1995.10.??"]
[EventType "team"]
[EventRounds "15"]
[EventCountry "GER"]
[SourceTitle "Bundesliga 9596"]
[Source "DeepChess"]
[SourceDate "2005.01.01"]
[SourceVersion "1"]
[SourceVersionDate "2005.01.01"]
[SourceQuality "1"]
[WhiteTeam "SV Castrop Rauxel 1923"]
[BlackTeam "SV Empor Berlin e.V."]
[WhiteTeamCountry "GER"]
[BlackTeamCountry "GER"]

1. c4 e6 2. Nc3 d5 3. d4 c6 4. e4 dxe4 5. Nxe4 Bb4+ 6. Bd2 Qxd4 7. Bxb4 Qxe4+
8. Be2 c5 9. Bc3 Ne7 10. Nf3 O-O 11. O-O Nbc6 12. Bd3 Qg4 13. Re1 Qh5 14. Re4
f5 15. Re3 Bd7 16. Be2 Qe8 17. Qd6 b6 18. Ne5 Nxe5 19. Qxe5 Rf6 20. Qd6 Rf7 21.
Bh5 Ng6 22. Bxg6 hxg6 23. Rg3 Re7 24. Rxg6 Qxg6 25. Qxe7 Bc6 26. g3 Qf7 27. Qg5
Rf8 28. Rd1 Bb7 29. Rd6 Re8 30. Be5 Kf8 31. Rd8 Bc6 32. Rd6 Ba8 33. h4 Qb7 34.
f3 Qe7 35. Qd2 Qc7 36. Rxe6 Rd8 37. Qg5 Rd1+ 38. Kh2 Bxf3 39. Bd6+ Qxd6 40.
Qxf5+ Kg8 41. Re8+ 1-0

[Event "Bundesliga 9596"]
[Site "Deutschland"]
[Date "1995.??.??"]
[Round "?.6"]
[White "Volke, Karsten"]
[Black "Hermesmann, Hans"]
[Result "1-0"]
[WhiteElo "2450"]
[BlackElo "2275"]
[PlyCount "129"]
[EventDate "1995.10.??"]
[EventType "team"]
[EventRounds "15"]
[EventCountry "GER"]
[SourceTitle "Bundesliga 9596"]
[Source "DeepChess"]
[SourceDate "2005.01.01"]
[SourceVersion "1"]
[SourceVersionDate "2005.01.01"]
[SourceQuality "1"]
[WhiteTeam "SV Empor Berlin e.V."]
[BlackTeam "SV Castrop Rauxel 1923"]
[WhiteTeamCountry "GER"]
[BlackTeamCountry "GER"]

1. d4 Nf6 2. c4 g6 3. Nc3 Bg7 4. e4 d6 5. Be2 O-O 6. Nf3 e5 7. d5 a5 8. Bg5 h6
9. Bh4 Na6 10. Nd2 Bd7 11. O-O Qb8 12. a3 Nh7 13. Kh1 h5 14. f3 Bh6 15. Qc2 Be3
16. Rae1 Qa7 17. Nd1 Bd4 18. Nb3 Bb6 19. Qd2 a4 20. Nc1 Kg7 21. f4 f6 22. Nd3
Nc5 23. Nxc5 Bxc5 24. fxe5 dxe5 25. Bd3 Qb6 26. Nc3 Rf7 27. Bg3 Re8 28. Qc2 Ra8
29. Rb1 Qd6 30. Qd1 Bg4 31. Qe1 Bd7 32. Bc2 Qa6 33. Qe2 Nf8 34. h3 Qd6 35. Nd1
Bc8 36. Nf2 Nd7 37. Nd3 Bd4 38. Ne1 Bc5 39. Nf3 Qe7 40. Be1 Bd6 41. Qf2 Nf8 42.
Bc3 Bd7 43. Qg3 b6 44. Nh4 Kh7 45. Bd3 Be8 46. Rf3 Rg7 47. Qf2 Nd7 48. Rf1 Kg8
49. Bc2 Qd8 50. g3 Bc5 51. Qe2 Be7 52. Ng2 Nf8 53. Bb4 Nh7 54. Bd2 Bd7 55. g4
hxg4 56. Rg3 gxh3 57. Nh4 Ng5 58. Bxg5 fxg5 59. Nf3 Bf6 60. Nh2 Rh7 61. Qf2 Be7
62. Bd1 Qf8 63. Bg4 Bxg4 64. Nxg4 Qf4 65. Qe1 1-0

[Event "Bundesliga 9596"]
[Site "Deutschland"]
[Date "1995.??.??"]
[Round "?.7"]
[White "Hille, Ralph Ingo"]
[Black "Muse, Mladen"]
[Result "0-1"]
[WhiteElo "2265"]
[BlackElo "2445"]
[PlyCount "71"]
[EventDate "1995.10.??"]
[EventType "team"]
[EventRounds "15"]
[EventCountry "GER"]
[SourceTitle "Bundesliga 9596"]
[Source "DeepChess"]
[SourceDate "2005.01.01"]
[SourceVersion "1"]
[SourceVersionDate "2005.01.01"]
[SourceQuality "1"]
[WhiteTeam "SV Castrop Rauxel 1923"]
[BlackTeam "SV Empor Berlin e.V."]
[WhiteTeamCountry "GER"]
[BlackTeamCountry "GER"]

1. d4 d5 2. c4 Nc6 3. cxd5 Qxd5 4. e3 e5 5. Nc3 Bb4 6. Bd2 Bxc3 7. bxc3 Nf6 8.
f3 exd4 9. cxd4 O-O 10. Bd3 Bf5 11. Bxf5 Qxf5 12. Ne2 Rfe8 13. O-O Qd7 14. Rb1
Nd5 15. e4 Nb6 16. Bc3 Nd8 17. d5 f6 18. Bd4 Nc4 19. Nc3 Nd6 20. Qb3 b6 21.
Rfc1 Rc8 22. a4 N8f7 23. Nb5 Nxb5 24. axb5 f5 25. Qb2 fxe4 26. Bxg7 exf3 27.
gxf3 Qxd5 28. Qg2 Qg5 29. Bf6 Qxg2+ 30. Kxg2 Re6 31. Ba1 c5 32. Rc4 Rd8 33. Kh1
Kf8 34. Rg1 Rg6 35. Re1 Nd6 36. Rf4+ $138 0-1

[Event "Bundesliga 9596"]
[Site "Deutschland"]
[Date "1995.??.??"]
[Round "?.8"]
[White "Kovalev, Andrei"]
[Black "Doering, Thomas"]
[Result "1-0"]
[WhiteElo "2505"]
[BlackElo "2215"]
[PlyCount "59"]
[EventDate "1995.10.??"]
[EventType "team"]
[EventRounds "15"]
[EventCountry "GER"]
[SourceTitle "Bundesliga 9596"]
[Source "DeepChess"]
[SourceDate "2005.01.01"]
[SourceVersion "1"]
[SourceVersionDate "2005.01.01"]
[SourceQuality "1"]
[WhiteTeam "SV Empor Berlin e.V."]
[BlackTeam "SV Castrop Rauxel 1923"]
[WhiteTeamCountry "GER"]
[BlackTeamCountry "GER"]

1. e4 c5 2. f4 e6 3. Nf3 d5 4. Nc3 Nf6 5. e5 Nfd7 6. d4 Nc6 7. Be3 a6 8. Qd2
cxd4 9. Nxd4 Bc5 10. O-O-O O-O 11. h4 Qc7 12. h5 b5 13. h6 g6 14. Nxc6 Qxc6 15.
Bxc5 Qxc5 16. Rh3 b4 17. Na4 Qa5 18. b3 Nc5 19. Nxc5 Qxc5 20. Qd4 Qa5 21. Kb1
Bd7 22. f5 Rac8 23. Qh4 Qc7 24. Bd3 Qxe5 25. Re1 Qc3 26. fxg6 fxg6 27. Bxg6 Qf6
28. Bd3 a5 29. Qg4+ Kh8 30. Qg7+ 1-0

[Event "Bundesliga 9596"]
[Site "Deutschland"]
[Date "1996.??.??"]
[Round "?.1"]
[White "Van der Sterren, Paul"]
[Black "Horvath, Tamas"]
[Result "1-0"]
[WhiteElo "2535"]
[BlackElo "2410"]
[PlyCount "107"]
[EventDate "1995.10.??"]
[EventType "team"]
[EventRounds "15"]
[EventCountry "GER"]
[SourceTitle "Bundesliga 9596"]
[Source "DeepChess"]
[SourceDate "2005.01.01"]
[SourceVersion "1"]
[SourceVersionDate "2005.01.01"]
[SourceQuality "1"]
[WhiteTeam "SV Castrop Rauxel 1923"]
[BlackTeam "SV Tuebingen 1870 e.V."]
[WhiteTeamCountry "GER"]
[BlackTeamCountry "GER"]

1. d4 Nf6 2. c4 e6 3. Nf3 b6 4. g3 Ba6 5. b3 b5 6. cxb5 Bxb5 7. Bg2 Bb4+ 8. Bd2
a5 9. O-O O-O 10. Nc3 Bc6 11. Qc2 Qc8 12. Bg5 Bxc3 13. Qxc3 Ne4 14. Qc2 Bd5 15.
Bf4 Nc6 16. Ne5 Nb4 17. Qc1 d6 18. Nc4 f5 19. f3 Nf6 20. a3 Nc6 21. Qc3 Qa6 22.
Rac1 Na7 23. a4 Nc6 24. Rfe1 Nb4 25. Qd2 Qb7 26. Bg5 Qa7 27. e4 Bxc4 28. bxc4
fxe4 29. Bxf6 Rxf6 30. Rxe4 e5 31. c5 exd4 32. Qxd4 Na6 33. cxd6 Qxd4+ 34. Rxd4
Rxd6 35. Re4 Rad8 36. Bf1 Rd1 37. Rxd1 Rxd1 38. Re5 Nb4 39. Rxa5 Nc2 40. Re5
Nd4 41. Kf2 Rc1 42. Bd3 c5 43. Re8+ Kf7 44. Rc8 Ra1 45. Rxc5 Rxa4 46. Bxh7 Ra2+
47. Ke3 Rxh2 48. Bd3 Ne6 49. Bc4 Ke7 50. Re5 Rh6 51. Rxe6+ Rxe6+ 52. Bxe6 Kxe6
53. Ke4 Kf6 54. Kf4 1-0

[Event "Bundesliga 9596"]
[Site "Deutschland"]
[Date "1996.??.??"]
[Round "?.2"]
[White "Palkovi, Jozsef"]
[Black "King, Daniel J"]
[Result "0-1"]
[WhiteElo "2480"]
[BlackElo "2510"]
[PlyCount "156"]
[EventDate "1995.10.??"]
[EventType "team"]
[EventRounds "15"]
[EventCountry "GER"]
[SourceTitle "Bundesliga 9596"]
[Source "DeepChess"]
[SourceDate "2005.01.01"]
[SourceVersion "1"]
[SourceVersionDate "2005.01.01"]
[SourceQuality "1"]
[WhiteTeam "SV Tuebingen 1870 e.V."]
[BlackTeam "SV Castrop Rauxel 1923"]
[WhiteTeamCountry "GER"]
[BlackTeamCountry "GER"]

1. e4 c5 2. c3 e6 3. d4 d5 4. exd5 exd5 5. Be3 cxd4 6. Bxd4 Nc6 7. Nf3 Nxd4 8.
Qxd4 Nf6 9. Bb5+ Bd7 10. Bxd7+ Qxd7 11. O-O Be7 12. Nbd2 O-O 13. Rfe1 Bd8 14.
Qd3 Bb6 15. Nd4 Rfe8 16. Nf1 g6 17. Ne3 Re7 18. f3 Re5 19. Nec2 Rae8 20. Rxe5
Rxe5 21. Qd2 Qb5 22. Ne3 Qa4 23. b3 Qa3 24. g3 Re8 25. Re1 h5 26. Kg2 Qc5 27.
b4 Qc8 28. Ndc2 Re5 29. a4 a5 30. Nd4 Qe8 31. b5 Qf8 32. Nec2 Rxe1 33. Qxe1 Nd7
34. Qd2 Qc5 35. Ne3 Ne5 36. Ndc2 Nc4 37. Nxc4 Qg1+ 38. Kh3 Qf1+ 39. Qg2 Qxc4
40. Qd2 Qf1+ 41. Qg2 Qd3 42. Ne1 Qc4 43. f4 Qxc3 44. Qe2 Qe3 45. Qxe3 Bxe3 46.
Kg2 f6 47. Kf3 Bg1 48. h3 Kf7 49. Ke2 Ke6 50. Nf3 Bc5 51. g4 hxg4 52. hxg4 Ba3
53. Nd4+ Kd6 54. Nb3 b6 55. Kd3 Bc5 56. Ke2 Bg1 57. Kf3 g5 58. fxg5 fxg5 59.
Kg2 Be3 60. Kf3 Bc5 61. Nc1 Ke5 62. Ne2 d4 63. Ng3 Ba3 64. Ne4 Bc1 65. Nf2 Kd5
66. Nd3 Be3 67. Nb2 Kc5 68. Nd3+ Kc4 69. Ke4 Kb3 70. Kd5 Kxa4 71. Kc4 Ka3 72.
Nc5 Kb2 73. Nd7 Kc2 74. Nxb6 d3 75. Nd5 Ba7 76. b6 Bxb6 77. Nxb6 d2 78. Nd5
d1=Q 0-1

[Event "Bundesliga 9596"]
[Site "Deutschland"]
[Date "1996.??.??"]
[Round "?.3"]
[White "Hoffmann, Michael"]
[Black "Kraut, Rainer"]
[Result "0-1"]
[WhiteElo "2460"]
[BlackElo "2445"]
[PlyCount "90"]
[EventDate "1995.10.??"]
[EventType "team"]
[EventRounds "15"]
[EventCountry "GER"]
[SourceTitle "Bundesliga 9596"]
[Source "DeepChess"]
[SourceDate "2005.01.01"]
[SourceVersion "1"]
[SourceVersionDate "2005.01.01"]
[SourceQuality "1"]
[WhiteTeam "SV Castrop Rauxel 1923"]
[BlackTeam "SV Tuebingen 1870 e.V."]
[WhiteTeamCountry "GER"]
[BlackTeamCountry "GER"]

1. c4 e5 2. g3 Nf6 3. Bg2 Nc6 4. Nf3 Bc5 5. O-O d6 6. Nc3 O-O 7. a3 a5 8. e3
Bg4 9. h3 Bh5 10. d3 Nd7 11. b3 f5 12. Bb2 Nf6 13. Qd2 Qd7 14. Nd5 Ba7 15.
Nxf6+ Rxf6 16. b4 f4 17. g4 Bg6 18. e4 Rff8 19. Kh2 Qe7 20. bxa5 Be8 21. Rab1
Bc5 22. Bc3 Ra7 23. Bb4 Bd7 24. Rb2 Rfa8 25. Rfb1 Bc8 26. Qc3 Nd4 27. Qe1 Nc6
28. Qc3 Bd4 29. Nxd4 Nxd4 30. c5 Bxg4 31. cxd6 cxd6 32. hxg4 Qh4+ 33. Bh3 Nf3+
34. Kg2 Ng5 35. Rh1 f3+ 36. Kf1 Nxh3 37. Bxd6 Qxg4 38. Ke1 Rc8 39. Qb3+ Kh8 40.
Rc2 Raa8 41. Bxe5 Nxf2 42. Rxc8+ Rxc8 43. Kxf2 Qg2+ 44. Ke3 Qe2+ 45. Kd4 Qf2+
0-1

[Event "Bundesliga 9596"]
[Site "Deutschland"]
[Date "1996.??.??"]
[Round "?.4"]
[White "Zeller, Frank"]
[Black "Libeau, Rene"]
[Result "1-0"]
[WhiteElo "2400"]
[BlackElo "2460"]
[PlyCount "66"]
[EventDate "1995.10.??"]
[EventType "team"]
[EventRounds "15"]
[EventCountry "GER"]
[SourceTitle "Bundesliga 9596"]
[Source "DeepChess"]
[SourceDate "2005.01.01"]
[SourceVersion "1"]
[SourceVersionDate "2005.01.01"]
[SourceQuality "1"]
[WhiteTeam "SV Tuebingen 1870 e.V."]
[BlackTeam "SV Castrop Rauxel 1923"]
[WhiteTeamCountry "GER"]
[BlackTeamCountry "GER"]

1. e4 e6 2. d4 d5 3. Nc3 Bb4 4. e5 c5 5. a3 Bxc3+ 6. bxc3 Ne7 7. h4 Qc7 8. h5
h6 9. Nf3 Nbc6 10. Be2 Bd7 11. O-O f6 12. Bf4 Qa5 13. exf6 gxf6 14. Rb1 Qxc3
15. Rb3 Qa5 16. Rb5 Qa4 17. Rxc5 a6 18. Qb1 e5 19. Be3 e4 20. Nh4 b5 21. Ng6
Rg8 22. c4 bxc4 23. Qb7 Ra7 24. Qb6 Qb3 25. Rxc6 Nxc6 26. Qc5 Qb5 27. Qd6 Bf5
28. a4 Rd7 29. Qxf6 Qb2 30. Qxf5 Qxe2 31. Qe6+ Ne7 32. Rb1 Rb7 33. Rc1 Rxg6
$138 1-0

[Event "Bundesliga 9596"]
[Site "Deutschland"]
[Date "1996.??.??"]
[Round "?.5"]
[White "Appel, Ralf"]
[Black "Werner, Marc"]
[Result "1-0"]
[WhiteElo "2450"]
[BlackElo "2365"]
[PlyCount "55"]
[EventDate "1995.10.??"]
[EventType "team"]
[EventRounds "15"]
[EventCountry "GER"]
[SourceTitle "Bundesliga 9596"]
[Source "DeepChess"]
[SourceDate "2005.01.01"]
[SourceVersion "1"]
[SourceVersionDate "2005.01.01"]
[SourceQuality "1"]
[WhiteTeam "SV Castrop Rauxel 1923"]
[BlackTeam "SV Tuebingen 1870 e.V."]
[WhiteTeamCountry "GER"]
[BlackTeamCountry "GER"]

1. Nf3 Nf6 2. g3 d5 3. Bg2 c6 4. O-O Bf5 5. b3 e6 6. Bb2 h6 7. d3 Be7 8. Nbd2
O-O 9. Re1 a5 10. e4 Bh7 11. a3 Na6 12. Ne5 Nc5 13. Qe2 dxe4 14. dxe4 Qc7 15.
Ng4 Ncd7 16. Nc4 b5 17. Nce5 Rad8 18. h4 Nxg4 19. Nxg4 e5 20. a4 b4 21. Rad1
Rfe8 22. Bh3 Bf8 23. Nxh6+ gxh6 24. Bxd7 Re7 25. Qg4+ Kh8 26. Bf5 f6 27. Bxh7
Kxh7 28. h5 1-0

[Event "Bundesliga 9596"]
[Site "Deutschland"]
[Date "1996.??.??"]
[Round "?.6"]
[White "Dutschak, Hauke"]
[Black "Sehner, Norbert"]
[Result "1-0"]
[WhiteElo "2260"]
[BlackElo "2420"]
[PlyCount "63"]
[EventDate "1995.10.??"]
[EventType "team"]
[EventRounds "15"]
[EventCountry "GER"]
[SourceTitle "Bundesliga 9596"]
[Source "DeepChess"]
[SourceDate "2005.01.01"]
[SourceVersion "1"]
[SourceVersionDate "2005.01.01"]
[SourceQuality "1"]
[WhiteTeam "SV Tuebingen 1870 e.V."]
[BlackTeam "SV Castrop Rauxel 1923"]
[WhiteTeamCountry "GER"]
[BlackTeamCountry "GER"]

1. e4 c6 2. d4 d5 3. e5 Bf5 4. Nf3 e6 5. c3 Nd7 6. Be2 Qb6 7. O-O h6 8. Nbd2 c5
9. Qa4 a6 10. dxc5 Bxc5 11. b4 Be7 12. Bb2 Qd8 13. Qb3 Bg5 14. c4 Ne7 15. Rad1
Rc8 16. Nd4 Bxd2 17. Nxf5 Nxf5 18. cxd5 Qg5 19. dxe6 fxe6 20. Qxe6+ Ne7 21. h4
Qf4 22. g3 Qxb4 23. Bh5+ g6 24. Bxg6+ Kd8 25. Ba3 Qxa3 26. Rxd2 Rc7 27. Rfd1
Qa4 28. Bf5 Nxf5 29. Qf6+ Ke8 30. Qxh8+ Kf7 31. Qh7+ Ng7 32. e6+ 1-0

[Event "Bundesliga 9596"]
[Site "Deutschland"]
[Date "1996.??.??"]
[Round "?.7"]
[White "Dinstuhl, Volkmar"]
[Black "Frick, Christoph"]
[Result "1-0"]
[WhiteElo "2355"]
[BlackElo "2280"]
[PlyCount "97"]
[EventDate "1995.10.??"]
[EventType "team"]
[EventRounds "15"]
[EventCountry "GER"]
[SourceTitle "Bundesliga 9596"]
[Source "DeepChess"]
[SourceDate "2005.01.01"]
[SourceVersion "1"]
[SourceVersionDate "2005.01.01"]
[SourceQuality "1"]
[WhiteTeam "SV Castrop Rauxel 1923"]
[BlackTeam "SV Tuebingen 1870 e.V."]
[WhiteTeamCountry "GER"]
[BlackTeamCountry "GER"]

1. c4 f5 2. d4 Nf6 3. Nf3 d6 4. Nc3 g6 5. Bf4 Bg7 6. e3 O-O 7. h4 e6 8. Qb3 Qe7
9. Rd1 Kh8 10. Be2 Nc6 11. Qa3 Ne4 12. d5 Bxc3+ 13. bxc3 Nd8 14. c5 Nf7 15.
cxd6 cxd6 16. dxe6 Bxe6 17. c4 Rfc8 18. Rc1 Rc5 19. Nd4 b6 20. Qb2 Kg8 21. O-O
Rac8 22. Qb4 Ne5 23. f3 Nf6 24. Nb3 R5c7 25. Rfd1 Nxc4 26. Bxd6 Nxd6 27. Rxc7
Rxc7 28. Qxd6 Qxd6 29. Rxd6 Kf7 30. Kf2 Bxb3 31. axb3 Ke7 32. Rd4 a5 33. g4
fxg4 34. fxg4 Rc2 35. Kf3 Nd7 36. Re4+ Kd6 37. Bb5 Ne5+ 38. Kg3 Rc3 39. Ba4 Ke6
40. Kf4 Rc5 41. b4 axb4 42. Bb3+ Kd6 43. Rd4+ Kc7 44. Ba4 b5 45. Bb3 Kb6 46.
Be6 Nc6 47. Rd7 Na5 48. Rxh7 b3 49. h5 1-0

[Event "Bundesliga 9596"]
[Site "Deutschland"]
[Date "1996.??.??"]
[Round "?.8"]
[White "Loseries, Uwe"]
[Black "Hennig, Dirk"]
[Result "0-1"]
[WhiteElo "2136"]
[BlackElo "2355"]
[PlyCount "66"]
[EventDate "1995.10.??"]
[EventType "team"]
[EventRounds "15"]
[EventCountry "GER"]
[SourceTitle "Bundesliga 9596"]
[Source "DeepChess"]
[SourceDate "2005.01.01"]
[SourceVersion "1"]
[SourceVersionDate "2005.01.01"]
[SourceQuality "1"]
[WhiteTeam "SV Tuebingen 1870 e.V."]
[BlackTeam "SV Castrop Rauxel 1923"]
[WhiteTeamCountry "GER"]
[BlackTeamCountry "GER"]

1. c4 g6 2. d4 Bg7 3. Nc3 c5 4. d5 d6 5. e4 e5 6. h3 Ne7 7. Bd3 O-O 8. Nf3 f5
9. Bg5 h6 10. Bxe7 Qxe7 11. Qd2 Na6 12. a3 Bd7 13. O-O f4 14. Be2 h5 15. Nh2
Bh6 16. f3 Bg5 17. Rfc1 Bh4 18. Bf1 Rf7 19. Rab1 Kh8 20. b4 Rg8 21. Rb3 Rh7 22.
Be2 Qg5 23. Kh1 Bf2 24. Nd1 Bxh3 25. Bf1 Bd4 26. Rcb1 Bc8 27. Nf2 Qh4 28. Nd3
g5 29. Qe1 Qxe1 30. Nxe1 g4 31. Bd3 g3 32. Nf1 h4 33. Nd2 Bf2 0-1